| 000 | 00541nam a22001817a 4500 | ||
|---|---|---|---|
| 005 | 20251125101140.0 | ||
| 008 | 251125b |||||||| |||| 00| 0 eng d | ||
| 020 | _a978-1-4548-2507-4 | ||
| 100 | _aBAKER, TOM | ||
| 245 | _aINSURANCE LAW AND POLICY: CASES AND MATERIALS | ||
| 250 | _a3RD EDITION | ||
| 260 |
_aNEW YORK _bWOLTERS KLUWER LAW & BUSINESS _c2013 |
||
| 300 | _aXXVIII, 678P. | ||
| 500 | _aINCLUDES BIBLIOGRAPHICAL REFERENCES AND INDEX | ||
| 650 | _aINSURANCE LAW-UNITED STATES | ||
| 700 | _aLOGUE, KYLE | ||
| 942 |
_2lcc _cBK |
||
| 999 |
_c216275 _d216275 |
||